[Event "HUN-chT2 Charousek 0708"]
[Site "Hungary"]
[Date "2007.12.16"]
[Round "5"]
[White "Szuliman, Gyula"]
[Black "Kiss, Judit"]
[Result "1/2-1/2"]
[WhiteElo "2079"]
[BlackElo "2112"]
[PlyCount "61"]
[EventDate "2007.10.14"]
[EventType "team"]
[EventRounds "11"]
[EventCountry "HUN"]
[SourceTitle "EXT 2009"]
[Source "ChessBase"]
[SourceDate "2008.11.26"]
[SourceVersion "1"]
[SourceVersionDate "2008.11.26"]
[SourceQuality "1"]
[WhiteTeam "Szenna Pack"]
[BlackTeam "Nagykanizsa II"]
[WhiteTeamCountry "HUN"]
[BlackTeamCountry "HUN"]

1. e4 e6 2. d4 d5 3. exd5 exd5 4. Bd3 Nc6 5. c3 Bd6 6. Ne2 Nge7 7. Qc2 Be6 8. h3 Qd7 9. Nd2 h6 10. Nf3 0-0-0 11. b4 Bf5 12. a4 Rde8 13. 0-0 g5 14. Ng3 Bxd3 15. Qxd3 f5 16. Nh5 Ref8 17. b5 Na5 18. Ba3 Nc4 19. Bxd6 Qxd6 20. Nd2 Nxd2 21. Qxd2 f4 22. g4 f3 23. Rfe1 Ng6 24. Qe3 Nf4 25. Nxf4 Rxf4 26. Qe5 Rhf8 27. Qxd6 cxd6 28. Kh2 Re4 29. Kg3 Kc7 30. a5 Rfe8 31. Red1 1/2-1/2

[Event "HUN-chT2 Charousek 0506"]
[Site "Hungary"]
[Date "2006.04.23"]
[Round "11"]
[White "Szuliman, Gyula"]
[Black "Heiligermann, Gabor"]
[Result "1/2-1/2"]
[WhiteElo "2113"]
[BlackElo "2154"]
[PlyCount "79"]
[EventDate "2005.10.16"]
[EventType "team"]
[EventRounds "11"]
[EventCountry "HUN"]
[SourceTitle "EXT 2009"]
[Source "ChessBase"]
[SourceDate "2008.11.26"]
[SourceVersion "1"]
[SourceVersionDate "2008.11.26"]
[SourceQuality "1"]
[WhiteTeam "Szenna Pack"]
[BlackTeam "Tapolca"]
[WhiteTeamCountry "HUN"]
[BlackTeamCountry "HUN"]

1. e4 c5 2. Nf3 Nc6 3. d4 cxd4 4. Nxd4 Nf6 5. Nc3 e5 6. Nb3 Bb4 7. Bd3 d5 8. exd5 Nxd5 9. Bd2 Nxc3 10. bxc3 Be7 11. 0-0 Be6 12. Be3 b6 13. c4 0-0 14. Be4 Rc8 15. c5 f5 16. Bxc6 Rxc6 17. cxb6 axb6 18. f4 Qxd1 19. Raxd1 Rxc2 20. fxe5 Rxa2 21. Nd4 Bd5 22. Nf3 Bc4 23. Rf2 Rxf2 24. Kxf2 b5 25. Rd7 Re8 26. Nd4 Bc5 27. Nxf5 Rxe5 28. Rd8+ Kf7 29. Nd6+ Ke7 30. Re8+ Kxd6 31. Rxe5 Kxe5 32. Bxc5 Ke4 33. Ke1 Kd3 34. Kd1 Bd5 35. g3 g5 36. h4 g4 37. Kc1 Kc3 38. Bd6 b4 39. Be5+ Kd3 40. Kb2 1/2-1/2

[Event "HUN-chT2 Charousek 0506"]
[Site "Hungary"]
[Date "2006.03.19"]
[Round "9"]
[White "Keschitz, Gyorgy"]
[Black "Szuliman, Gyula"]
[Result "1/2-1/2"]
[WhiteElo "2257"]
[BlackElo "2113"]
[PlyCount "36"]
[EventDate "2005.10.16"]
[EventType "team"]
[EventRounds "11"]
[EventCountry "HUN"]
[SourceTitle "EXT 2009"]
[Source "ChessBase"]
[SourceDate "2008.11.26"]
[SourceVersion "1"]
[SourceVersionDate "2008.11.26"]
[SourceQuality "1"]
[WhiteTeam "BEAC"]
[BlackTeam "Szenna Pack"]
[WhiteTeamCountry "HUN"]
[BlackTeamCountry "HUN"]

1. g3 e5 2. Bg2 Nf6 3. d3 d5 4. Nf3 Bd6 5. 0-0 0-0 6. Nbd2 c5 7. e4 dxe4 8. dxe4 Nc6 9. Nc4 Bc7 10. Qxd8 Rxd8 11. Bg5 Be6 12. Ne3 Ne7 13. c4 h6 14. Bxf6 gxf6 15. Nd5 Bxd5 16. cxd5 f5 17. Nh4 fxe4 18. Bxe4 Nxd5 1/2-1/2

[Event "HUN-chT2 Charousek 0506"]
[Site "Hungary"]
[Date "2005.11.27"]
[Round "4"]
[White "Szuliman, Gyula"]
[Black "Adzic, Slobodan"]
[Result "0-1"]
[WhiteElo "2113"]
[BlackElo "2205"]
[PlyCount "109"]
[EventDate "2005.10.16"]
[EventType "team"]
[EventRounds "11"]
[EventCountry "HUN"]
[SourceTitle "EXT 2009"]
[Source "ChessBase"]
[SourceDate "2008.11.26"]
[SourceVersion "1"]
[SourceVersionDate "2008.11.26"]
[SourceQuality "1"]
[WhiteTeam "Szenna Pack"]
[BlackTeam "Decs"]
[WhiteTeamCountry "HUN"]
[BlackTeamCountry "HUN"]

1. e4 c5 2. Nf3 Nc6 3. d4 cxd4 4. Nxd4 Nf6 5. Nc3 d6 6. Be2 e5 7. Nb3 Be7 8. Be3 a5 9. a4 Be6 10. 0-0 0-0 11. Kh1 Nb4 12. f4 Rc8 13. Rc1 exf4 14. Bxf4 d5 15. e5 Ne4 16. Nb5 Bg5 17. Bxg5 Qxg5 18. Nd6 Nxd6 19. exd6 Nc6 20. Nc5 b6 21. Nxe6 fxe6 22. Rxf8+ Rxf8 23. c4 d4 24. Rc2 Qc5 25. d7 Ne5 26. Rd2 Nc6 27. h3 Qd6 28. Bf3 e5 29. Qb3 Qb4 30. Bd5+ Kh8 31. Qxb4 Nxb4 32. Be4 Rd8 33. Rf2 Kg8 34. Bf5 g6 35. Be6+ Kg7 36. Rf7+ Kh6 37. Kg1 Nd3 38. g3 Nc5 39. Bg4 Kg5 40. Rxh7 Kf6 41. h4 e4 42. Kf1 Nxa4 43. b3 Nc5 44. h5 gxh5 45. Rxh5 Nxb3 46. Rf5+ Ke7 47. Ke1 Nc5 48. Re5+ Kf7 49. Rd5 d3 50. Kd2 a4 51. Ke3 a3 52. Rf5+ Ke7 53. Rf2 Rg8 54. Bf5 Rxg3+ 55. Kf4 0-1

[Event "HUN-chT2 Charousek 0506"]
[Site "Hungary"]
[Date "2005.11.13"]
[Round "3"]
[White "Rozsa, Peter"]
[Black "Szuliman, Gyula"]
[Result "0-1"]
[WhiteElo "2204"]
[BlackElo "2113"]
[PlyCount "114"]
[EventDate "2005.10.16"]
[EventType "team"]
[EventRounds "11"]
[EventCountry "HUN"]
[SourceTitle "EXT 2009"]
[Source "ChessBase"]
[SourceDate "2008.11.26"]
[SourceVersion "1"]
[SourceVersionDate "2008.11.26"]
[SourceQuality "1"]
[WhiteTeam "Keszthely"]
[BlackTeam "Szenna Pack"]
[WhiteTeamCountry "HUN"]
[BlackTeamCountry "HUN"]

1. b3 e5 2. Bb2 Nc6 3. e3 d5 4. Bb5 Bd6 5. f4 f6 6. Ne2 Nge7 7. 0-0 0-0 8. Ng3 exf4 9. exf4 Nf5 10. Bxc6 bxc6 11. Qf3 Qe8 12. Nc3 Nxg3 13. Qxg3 Bf5 14. d3 Bc5+ 15. Kh1 Qe3 16. Rf3 Qd2 17. Na4 Qxc2 18. h4 Bb6 19. d4 Bd7 20. Rc1 Qf5 21. Re3 Rfe8 22. Rce1 Rxe3 23. Rxe3 Re8 24. Rxe8+ Bxe8 25. Qe3 Kf7 26. Ba3 Qe4 27. Qxe4 dxe4 28. Nxb6 cxb6 29. Kg1 Ke6 30. Kf2 Kf5 31. g3 Bf7 32. Bf8 g6 33. Bd6 Kg4 34. Be7 Kf5 35. Bd6 Ke6 36. Bb8 a6 37. Ba7 b5 38. Bc5 Kd5 39. Ke3 Be8 40. Be7 Ke6 41. Bb4 Kf5 42. Be7 Bf7 43. Bd8 Bd5 44. Be7 Kg4 45. Kf2 f5 46. Bb4 e3+ 47. Kxe3 Kxg3 48. Be7 Be4 49. Bg5 Bd5 50. Bd8 b4 51. Bf6 Be4 52. Be7 Bb1 53. Bxb4 Kxh4 54. Be1+ Kg4 55. a3 h5 56. b4 Be4 57. a4 h4 0-1

[Event "HUN-chT2 Charousek 0405"]
[Site "Hungary"]
[Date "2005.04.24"]
[Round "11"]
[White "Banyai, Sandor"]
[Black "Szuliman, Gyula"]
[Result "0-1"]
[WhiteElo "2016"]
[BlackElo "2122"]
[PlyCount "95"]
[EventDate "2004.09.26"]
[EventType "team"]
[EventRounds "11"]
[EventCountry "HUN"]
[SourceTitle "EXT 2008"]
[Source "ChessBase"]
[SourceDate "2007.11.25"]
[SourceVersion "1"]
[SourceVersionDate "2007.11.25"]
[SourceQuality "1"]
[WhiteTeam "Geniusz Tata"]
[BlackTeam "Szenna Pack"]
[WhiteTeamCountry "HUN"]
[BlackTeamCountry "HUN"]

1. d4 d5 2. c4 e6 3. Nc3 Nf6 4. cxd5 exd5 5. Bg5 Be7 6. Qc2 c6 7. e3 Nbd7 8. Bd3 h6 9. Bf4 Nh5 10. Bg3 Nxg3 11. hxg3 Nf6 12. Nf3 Bd6 13. 0-0 0-0 14. Rac1 Re8 15. Nh4 Ng4 16. Rce1 Qc7 17. Nf5 h5 18. Nxd6 Qxd6 19. Bf5 Nh6 20. Bxc8 Raxc8 21. Ne2 Ng4 22. Qf5 g6 23. Qg5 Qe7 24. Qxe7 Rxe7 25. Nf4 Kg7 26. Re2 g5 27. Nd3 Rh8 28. Rfe1 h4 29. gxh4 Rxh4 30. f3 Nf6 31. g3 Rh8 32. b4 g4 33. fxg4 Nxg4 34. Nf2 Nf6 35. e4 dxe4 36. Nxe4 Nd5 37. Nc5 Rxe2 38. Rxe2 b6 39. Nd3 Rd8 40. Rc2 Ne3 41. Rxc6 Rxd4 42. Rc3 Kf6 43. Rb3 Ng4 44. Kg2 Ke6 45. Kf3 Kf5 46. Ke2 Nf6 47. Ra3 Rd7 48. Kf3 0-1

[Event "HUN-chT2 Charousek 0405"]
[Site "Hungary"]
[Date "2005.04.10"]
[Round "10"]
[White "Szuliman, Gyula"]
[Black "Krisztian, Gabor"]
[Result "1-0"]
[WhiteElo "2122"]
[BlackElo "2155"]
[PlyCount "51"]
[EventDate "2004.09.26"]
[EventType "team"]
[EventRounds "11"]
[EventCountry "HUN"]
[SourceTitle "EXT 2008"]
[Source "ChessBase"]
[SourceDate "2007.11.25"]
[SourceVersion "1"]
[SourceVersionDate "2007.11.25"]
[SourceQuality "1"]
[WhiteTeam "Szenna Pack"]
[BlackTeam "Lenti"]
[WhiteTeamCountry "HUN"]
[BlackTeamCountry "HUN"]

1. e4 Nf6 2. Nc3 e5 3. Nf3 d6 4. Bc4 Bg4 5. 0-0 Be7 6. h3 Bh5 7. d3 0-0 8. g4 Bg6 9. Nh4 Kh8 10. Nf5 Nc6 11. a3 h6 12. Nd5 Bxf5 13. exf5 Nxd5 14. Bxd5 Bg5 15. f4 exf4 16. Bxf4 Bxf4 17. Rxf4 Qh4 18. Kg2 Rae8 19. Re4 g6 20. Qe1 Qxe1 21. Raxe1 Re5 22. Bxc6 bxc6 23. Rxe5 dxe5 24. Rxe5 gxf5 25. Rxf5 Kg7 26. Rc5 1-0

[Event "HUN-chT2 Charousek 0405"]
[Site "Hungary"]
[Date "2004.12.19"]
[Round "5"]
[White "Szuliman, Gyula"]
[Black "Szuhai, Balazs"]
[Result "1/2-1/2"]
[WhiteElo "2122"]
[BlackElo "2099"]
[PlyCount "24"]
[EventDate "2004.09.26"]
[EventType "team"]
[EventRounds "11"]
[EventCountry "HUN"]
[SourceTitle "EXT 2008"]
[Source "ChessBase"]
[SourceDate "2007.11.25"]
[SourceVersion "1"]
[SourceVersionDate "2007.11.25"]
[SourceQuality "1"]
[WhiteTeam "Szenna Pack"]
[BlackTeam "Decs"]
[WhiteTeamCountry "HUN"]
[BlackTeamCountry "HUN"]

1. e4 c5 2. Nf3 Nc6 3. d4 cxd4 4. Nxd4 a6 5. Nc3 e6 6. Be2 Nf6 7. 0-0 Qc7 8. Kh1 Be7 9. Be3 d6 10. f4 Bd7 11. a4 Na5 12. f5 0-0 1/2-1/2

[Event "HUN-chT2 Charousek 0405"]
[Site "Hungary"]
[Date "2004.12.05"]
[Round "4"]
[White "Szuliman, Gyula"]
[Black "Antal, Jozsef"]
[Result "1/2-1/2"]
[WhiteElo "2122"]
[BlackElo "2108"]
[PlyCount "36"]
[EventDate "2004.09.26"]
[EventType "team"]
[EventRounds "11"]
[EventCountry "HUN"]
[SourceTitle "EXT 2008"]
[Source "ChessBase"]
[SourceDate "2007.11.25"]
[SourceVersion "1"]
[SourceVersionDate "2007.11.25"]
[SourceQuality "1"]
[WhiteTeam "Szenna Pack"]
[BlackTeam "Keszthely"]
[WhiteTeamCountry "HUN"]
[BlackTeamCountry "HUN"]

1. e4 e5 2. Nf3 Nf6 3. Nxe5 d6 4. Nf3 Nxe4 5. d4 d5 6. Bd3 Be7 7. 0-0 Nc6 8. Re1 Bg4 9. c4 Nf6 10. cxd5 Nxd5 11. Nc3 Be6 12. Be4 0-0 13. a3 Bf6 14. Be3 Nce7 15. Qc2 h6 16. Rad1 c6 17. Bc1 Nxc3 18. bxc3 Bd5 1/2-1/2

[Event "HUN-chT2 Charousek 0304"]
[Site "Hungary"]
[Date "2004.04.18"]
[Round "11"]
[White "Vajda, Ildiko"]
[Black "Szuliman, Gyula"]
[Result "0-1"]
[WhiteElo "1722"]
[BlackElo "2143"]
[PlyCount "88"]
[EventDate "2003.09.28"]
[EventType "team"]
[EventRounds "11"]
[EventCountry "HUN"]
[SourceTitle "EXT 2005"]
[Source "ChessBase"]
[SourceDate "2004.11.15"]
[SourceVersion "1"]
[SourceVersionDate "2004.11.15"]
[SourceQuality "1"]

1. d4 d5 2. c4 e6 3. Nc3 Nf6 4. Bg5 Be7 5. Nf3 Nbd7 6. e3 c6 7. Bd3 0-0 8. 0-0 a6 9. Qc2 dxc4 10. Bxc4 b5 11. Be2 Bb7 12. Rfd1 h6 13. Bh4 Nd5 14. Bxe7 Qxe7 15. Ne4 b4 16. Rdc1 Rfc8 17. Nc5 Nxc5 18. Qxc5 Kf8 19. Ne5 Qxc5 20. Nd7+ Ke7 21. Nxc5 Rc7 22. Nxb7 Rxb7 23. Rxc6 Rb6 24. Rac1 Kd7 25. Rxb6 Nxb6 26. b3 Ra7 27. Bf3 a5 28. g4 Rc7 29. Rxc7+ Kxc7 30. Kf1 Nc8 31. d5 Nd6 32. Ke2 e5 33. e4 Kb6 34. Kd2 Kc5 35. Be2 Nxe4+ 36. Ke3 Nc3 37. Bc4 Nxa2 38. Ke4 Kd6 39. h4 g6 40. h5 Nc3+ 41. Kf3 gxh5 42. gxh5 f5 43. Ke3 Nxd5+ 44. Bxd5 Kxd5 0-1

[Event "HUN-chT2 Charousek 0304"]
[Site "Hungary"]
[Date "2004.02.22"]
[Round "8"]
[White "Horvath, Tamas3333"]
[Black "Szuliman, Gyula"]
[Result "1-0"]
[WhiteElo "2108"]
[BlackElo "2143"]
[PlyCount "85"]
[EventDate "2003.09.28"]
[EventType "team"]
[EventRounds "11"]
[EventCountry "HUN"]
[SourceTitle "EXT 2005"]
[Source "ChessBase"]
[SourceDate "2004.11.15"]
[SourceVersion "1"]
[SourceVersionDate "2004.11.15"]
[SourceQuality "1"]

1. Nf3 Nf6 2. c4 e6 3. d4 d5 4. Nc3 Be7 5. Bf4 c6 6. e3 Nbd7 7. h3 h6 8. Qc2 a6 9. Bd3 dxc4 10. Bxc4 b5 11. Be2 c5 12. 0-0 Bb7 13. dxc5 Bxc5 14. a4 b4 15. Nb1 Rc8 16. Qd1 Ne4 17. Nbd2 Nxd2 18. Qxd2 0-0 19. Rfd1 Nf6 20. Qxd8 Rfxd8 21. Ne5 Nd5 22. Bf3 Be7 23. Rd2 b3 24. Bg3 Rc2 25. Rad1 Rdc8 26. Be4 Rxd2 27. Rxd2 f5 28. Bd3 Rc1+ 29. Kh2 Bb4 30. Re2 Nb6 31. e4 Nxa4 32. exf5 Nc5 33. fxe6 Nxd3 34. e7 Bxe7 35. Nxd3 Bg5 36. Nxc1 Bxc1 37. Be5 Kf7 38. Bxg7 Bxg2 39. Kxg2 Kxg7 40. Re7+ Kf6 41. Rb7 Bxb2 42. Rxb3 Bd4 43. Ra3 1-0

[Event "HUN-chT2 Charousek 0203"]
[Site "Hungary"]
[Date "2003.04.13"]
[Round "11.11"]
[White "Szuliman, Gyula"]
[Black "Torok, Laszlo"]
[Result "1-0"]
[WhiteElo "2128"]
[BlackElo "2124"]
[PlyCount "73"]
[EventDate "2002.09.22"]
[EventType "team"]
[EventRounds "11"]
[EventCountry "HUN"]
[SourceTitle "EXT 2004"]
[Source "ChessBase"]
[SourceDate "2003.11.25"]
[SourceVersion "1"]
[SourceVersionDate "2003.11.25"]
[SourceQuality "1"]
[WhiteTeam "Szenna Pack"]
[BlackTeam "Gyor Elektromos"]
[WhiteTeamCountry "HUN"]
[BlackTeamCountry "HUN"]

1. e4 g6 2. d4 Bg7 3. c4 d6 4. Nc3 Nf6 5. Nf3 0-0 6. Be2 c6 7. Be3 Re8 8. 0-0 Bg4 9. h3 Bxf3 10. Bxf3 Nbd7 11. Qd2 Qc7 12. Rac1 a6 13. Be2 e5 14. d5 c5 15. g4 Nf8 16. Kg2 N6d7 17. Bd3 f6 18. Rh1 g5 19. h4 h6 20. hxg5 fxg5 21. Ne2 Ng6 22. Ng3 Nh4+ 23. Rxh4 gxh4 24. Nf5 Nf8 25. Bxh6 Bf6 26. g5 Bh8 27. Nxh4 Qf7 28. Nf5 Rad8 29. Bxf8 Kxf8 30. Be2 Rd7 31. Rh1 Qg8 32. Bg4 Red8 33. Nh6 Qg7 34. Bxd7 Qxd7 35. Nf5 Kg8 36. Qe3 Rf8 37. Qh3 1-0

[Event "HUN-chT2 Charousek 0203"]
[Site "Hungary"]
[Date "2003.03.02"]
[Round "8.11"]
[White "Nagy, Lajos"]
[Black "Szuliman, Gyula"]
[Result "1/2-1/2"]
[WhiteElo "2078"]
[BlackElo "2128"]
[PlyCount "156"]
[EventDate "2002.09.22"]
[EventType "team"]
[EventRounds "11"]
[EventCountry "HUN"]
[SourceTitle "EXT 2004"]
[Source "ChessBase"]
[SourceDate "2003.11.25"]
[SourceVersion "1"]
[SourceVersionDate "2003.11.25"]
[SourceQuality "1"]
[WhiteTeam "Paks ASE II"]
[BlackTeam "Szenna Pack"]
[WhiteTeamCountry "HUN"]
[BlackTeamCountry "HUN"]

1. e4 e5 2. Nf3 Nf6 3. Nxe5 d6 4. Nf3 Nxe4 5. d4 d5 6. Bd3 Bd6 7. 0-0 0-0 8. c4 c6 9. cxd5 cxd5 10. Nc3 Nxc3 11. bxc3 Bg4 12. Rb1 Qc7 13. Bxh7+ Kh8 14. Bd3 Bxh2+ 15. Kh1 Bd6 16. Qb3 Bxf3 17. gxf3 g6 18. Qxb7 Qxc3 19. Qxa8 Qxd3 20. Be3 Qf5 21. Kg2 Kg7 22. Rh1 g5 23. Rb5 g4 24. Qxd5 gxf3+ 25. Qxf3 Qxb5 26. Rh5 f5 27. Bh6+ Kg6 28. Bxf8 Bxf8 29. d5 Qd7 30. Rh3 Bg7 31. Qg3+ Kf7 32. Qxb8 Qxd5+ 33. Rf3 Qd7 34. Qb3+ Kf6 35. Rg3 Bf8 36. Qc3+ Kf7 37. Qf3 Bd6 38. Qh5+ Ke6 39. Rg6+ Kd5 40. Qd1+ Kc5 41. Qc2+ Kd4 42. Rg3 Qb7+ 43. Rf3 f4 44. Qc3+ Ke4 45. Rh3 Kf5+ 46. Qf3 Qg7+ 47. Kh2 Ke6 48. Rh4 Qf6 49. Qe4+ Be5 50. Kh3 Kd6 51. f3 a5 52. Rg4 Qe6 53. a4 Kc5 54. Qc2+ Kb4 55. Kg2 Qc4 56. Qd1 Qc3 57. Rg5 Kc4 58. Qe2+ Kd5 59. Qe4+ Ke6 60. Rg6+ Kf7 61. Kh3 Qa1 62. Qf5+ Bf6 63. Rxf6+ Qxf6 64. Qxf6+ Kxf6 65. Kg4 Ke5 66. Kg5 Kd4 67. Kxf4 Kc4 68. Ke5 Kb4 69. f4 Kxa4 70. f5 Kb3 71. f6 a4 72. f7 a3 73. f8Q a2 74. Qb8+ Kc2 75. Qa7 Kb2 76. Qb6+ Ka1 77. Qa5 Kb2 78. Qb4+ Ka1 1/2-1/2

[Event "HUN-chT2 0102"]
[Site "Hungary"]
[Date "2002.03.03"]
[Round "8"]
[White "Szabo, Adam"]
[Black "Szuliman, Gyula"]
[Result "1/2-1/2"]
[WhiteElo "2062"]
[BlackElo "2134"]
[PlyCount "37"]
[EventDate "2001.??.??"]
[EventType "team"]
[EventRounds "11"]
[EventCountry "HUN"]
[SourceTitle "EXT 2004"]
[Source "ChessBase"]
[SourceDate "2003.11.25"]
[SourceVersion "1"]
[SourceVersionDate "2003.11.25"]
[SourceQuality "1"]

1. e4 e5 2. Nf3 Nf6 3. Nc3 Bb4 4. Nxe5 d6 5. Nd3 Bxc3 6. dxc3 Nxe4 7. Be2 0-0 8. 0-0 Nd7 9. Nf4 Ndf6 10. c4 Re8 11. f3 Nc5 12. b3 Qe7 13. Re1 Bf5 14. Bd2 Qd8 15. Bc3 c6 16. Qd2 Ne6 17. Bd3 Bxd3 18. Nxe6 fxe6 19. Qxd3 1/2-1/2

[Event "HUN-chT2 0102"]
[Site "Hungary"]
[Date "2002.01.13"]
[Round "5"]
[White "Papp, Jozsef"]
[Black "Szuliman, Gyula"]
[Result "0-1"]
[WhiteElo "1879"]
[BlackElo "2134"]
[PlyCount "90"]
[EventDate "2001.??.??"]
[EventType "team"]
[EventRounds "11"]
[EventCountry "HUN"]
[SourceTitle "EXT 2004"]
[Source "ChessBase"]
[SourceDate "2003.11.25"]
[SourceVersion "1"]
[SourceVersionDate "2003.11.25"]
[SourceQuality "1"]

1. Nf3 Nf6 2. d4 d5 3. b3 Bg4 4. e3 e6 5. a3 Nbd7 6. Be2 Bd6 7. Bb2 0-0 8. Nbd2 c6 9. 0-0 h6 10. c4 Ne4 11. Nxe4 dxe4 12. Nd2 Bf5 13. g3 c5 14. Kg2 Qc7 15. Qc1 cxd4 16. exd4 b6 17. b4 Be7 18. Re1 Qb7 19. Qc3 Bf6 20. Nf1 Rfd8 21. Rad1 a5 22. Ne3 axb4 23. axb4 Ra2 24. Qb3 Raa8 25. Nxf5 exf5 26. d5 Ne5 27. Ra1 Rac8 28. Red1 Qc7 29. Rac1 Qe7 30. c5 bxc5 31. bxc5 Rb8 32. Qc2 Rxb2 33. Qxb2 Nd3 34. Qb5 Nxc1 35. d6 Qe5 36. Rxc1 f4 37. Kg1 f3 38. Bf1 e3 39. Qb4 e2 40. Bh3 Qd5 41. Bg4 Bg5 42. Bxf3 Qxf3 43. c6 Bxc1 44. c7 Bg5 45. d7 Qc6 0-1

[Event "HUN-chT2 Charousek 0001"]
[Site "Hungary"]
[Date "2001.04.22"]
[Round "11"]
[White "Szuliman, Gyula"]
[Black "Csaba, Arpad"]
[Result "1/2-1/2"]
[WhiteElo "2164"]
[BlackElo "2201"]
[PlyCount "60"]
[EventDate "2000.11.26"]
[EventType "team"]
[EventRounds "11"]
[EventCountry "HUN"]
[SourceTitle "EXT 2007"]
[Source "ChessBase"]
[SourceDate "2006.11.23"]
[SourceVersion "1"]
[SourceVersionDate "2006.11.23"]
[SourceQuality "1"]
[WhiteTeam "Szenna Pack"]
[BlackTeam "Ajka Banyasz"]
[WhiteTeamCountry "HUN"]
[BlackTeamCountry "HUN"]

1. e4 g6 2. d4 Bg7 3. Nc3 d6 4. Be3 Nc6 5. Bc4 e5 6. Nf3 exd4 7. Nxd4 Ne5 8. Be2 Nf6 9. h3 0-0 10. 0-0 Nc6 11. f4 Nxe4 12. Nxe4 Qe7 13. Bf3 f5 14. Nxc6 bxc6 15. Bd4 fxe4 16. Bxg7 Qxg7 17. Bxe4 Qxb2 18. Qd3 Qb6+ 19. Kh2 Bf5 20. Rab1 Qc5 21. Rb7 Rf7 22. Bxf5 Qxf5 23. Qb3 Qd5 24. Qa4 a5 25. Rfb1 c5 26. Rb8+ Rf8 27. Rxa8 Qxa8 28. Rb5 Qc6 29. Qc4+ Kg7 30. Rxa5 Ra8 1/2-1/2

[Event "HUN-chT2 Charousek 0001"]
[Site "Hungary"]
[Date "2001.04.08"]
[Round "10"]
[White "Olah, Peter"]
[Black "Szuliman, Gyula"]
[Result "1-0"]
[WhiteElo "2295"]
[BlackElo "2164"]
[PlyCount "51"]
[EventDate "2000.11.26"]
[EventType "team"]
[EventRounds "11"]
[EventCountry "HUN"]
[SourceTitle "EXT 2007"]
[Source "ChessBase"]
[SourceDate "2006.11.23"]
[SourceVersion "1"]
[SourceVersionDate "2006.11.23"]
[SourceQuality "1"]
[WhiteTeam "Szazhalombatta"]
[BlackTeam "Szenna Pack"]
[WhiteTeamCountry "HUN"]
[BlackTeamCountry "HUN"]

1. d4 Nf6 2. c4 e6 3. Nc3 d5 4. Bg5 Be7 5. Nf3 Nbd7 6. e3 0-0 7. Qc2 c6 8. 0-0-0 dxc4 9. Bxc4 Nd5 10. h4 Nxc3 11. Qxc3 Nf6 12. Qc2 Nd5 13. a3 h6 14. Bd3 f5 15. Bxe7 Nxe7 16. Ne5 g6 17. g4 Kg7 18. Rdg1 Qd6 19. f4 b6 20. h5 c5 21. hxg6 Bb7 22. Rxh6 cxd4 23. Rh7+ Kg8 24. Qh2 Rfc8+ 25. Kb1 Nxg6 26. gxf5 1-0

[Event "HUN-chT2 Charousek 0001"]
[Site "Hungary"]
[Date "2000.12.03"]
[Round "2"]
[White "Szuliman, Gyula"]
[Black "Molnar, Emil"]
[Result "1-0"]
[WhiteElo "2164"]
[BlackElo "2194"]
[PlyCount "99"]
[EventDate "2000.11.26"]
[EventType "team"]
[EventRounds "11"]
[EventCountry "HUN"]
[SourceTitle "EXT 2007"]
[Source "ChessBase"]
[SourceDate "2006.11.23"]
[SourceVersion "1"]
[SourceVersionDate "2006.11.23"]
[SourceQuality "1"]
[WhiteTeam "Szenna Pack"]
[BlackTeam "Budapest EAC"]
[WhiteTeamCountry "HUN"]
[BlackTeamCountry "HUN"]

1. e4 c5 2. Nf3 Nc6 3. d4 cxd4 4. Nxd4 Nf6 5. Nc3 e5 6. Ndb5 d6 7. Bg5 a6 8. Na3 b5 9. Nd5 Be7 10. Bxf6 Bxf6 11. Nxf6+ Qxf6 12. c4 b4 13. Nc2 0-0 14. g3 Be6 15. b3 a5 16. Bg2 Rfd8 17. 0-0 Qg6 18. Qd2 h5 19. h4 f6 20. Qe3 Ra6 21. Rad1 Ne7 22. f4 exf4 23. Qxf4 Bg4 24. Rd2 Qe8 25. Ne3 Ng6 26. Qf2 Ne5 27. Kh2 Rc8 28. Nd5 Be6 29. Ne3 a4 30. Bh3 Bxh3 31. Kxh3 Qe6+ 32. Qf5 Kf7 33. Kg2 g6 34. Qxe6+ Kxe6 35. Nd5 Nd7 36. Nxb4 Ra5 37. Rfd1 Nc5 38. Rxd6+ Ke7 39. Nc6+ Rxc6 40. Rxc6 axb3 41. axb3 Nxe4 42. Re1 Kd7 43. Rb6 Ra2+ 44. Kf3 f5 45. Rxe4 fxe4+ 46. Kxe4 Rb2 47. Kd5 Rd2+ 48. Ke4 Rb2 49. Kf4 Kc7 50. Rb5 1-0